| 000 | 00721nam a2200241Ia 4500 | ||
|---|---|---|---|
| 003 | OSt | ||
| 005 | 20220918210539.0 | ||
| 006 | a|||||r|||| 00| 0 | ||
| 007 | ta | ||
| 008 | 220917b |||||||| |||| 00| 0 eng d | ||
| 024 | _a120,905 | ||
| 037 | _cTextual | ||
| 040 |
_aARTS _cARTS _beng |
||
| 041 |
_2eng _aeng |
||
| 082 | _aWx1:g(P15), H5 (PD) | ||
| 100 |
_aKonow Sten _937868 |
||
| 245 | 0 | _aKautalya studies | |
| 260 |
_aOslo _bI Kommijon HOs Jacob Dybwad _c1945 |
||
| 490 | _aAvhandlinger utgitt av det Norske videnskaps-Akademi, Oslo : historical-Filosofisk Klasse,; 1,2 | ||
| 650 | _aPOLITICAL SCIENCE | ||
| 942 |
_hWx1:g(P15), H5 (PD) _cTEXL _2CC |
||
| 999 |
_c244154 _d244154 |
||